The Buddha and the Sahibs : (Record no. 605671)

MARC details
000 -LEADER
fixed length control field 00491nam a2200193 a 4500
008 - FIXED-LENGTH DATA ELEMENTS--GENERAL INFORMATION
fixed length control field 251227s2018##################000#0#eng##
020 ## - INTERNATIONAL STANDARD BOOK NUMBER
ISBN 9780719554285
082 04 - DEWEY DECIMAL CLASSIFICATION NUMBER
Classification number 294.309
Item number ALL
100 1# - MAIN ENTRY--AUTHOR NAME
Personal name Allen, Charles,
245 10 - TITLE STATEMENT
Title The Buddha and the Sahibs :
260 ## - PUBLICATION, DISTRIBUTION, ETC. (IMPRINT)
Name of publisher John Murray,
Year of publication 2018.
300 ## - PHYSICAL DESCRIPTION
Number of Pages 336 pages
650 #0 - SUBJECT ADDED ENTRY--TOPICAL TERM
Topical Term Religion.
942 ## - ADDED ENTRY ELEMENTS (KOHA)
Koha item type English Books
Holdings
Withdrawn status Lost status Damaged status Not for loan Home library Current library Shelving location Date acquired Full call number Accession Number Price effective from Koha item type
        Anna Centenary Library Anna Centenary Library 3RD FLOOR, B WING 29.12.2025 294.309 ALL 362067 29.12.2025 English Books

Find us on the map